Przyłącz państwo Ameryki Północnej do losowej stolicy - Statystyki

Ogólne statystyki
  • Ten quiz został rozwiązany 85 razy
  • Średni wynik to 5 z 8
Statystyki odpowiedzi
Stolica Państwa % Poprawnych
Roseau Dominika
100%
Santo Domingo Dominikana
100%
Gwatemala Gwatemala
100%
Kingston Jamajka
100%
Hawana Kuba
100%
Meksyk Meksyk
100%
Panama Panama
100%
Waszyngton Stany Zjednoczone
100%
Bridgetown Barbados
67%
San Jose Kostaryka
67%
Managua Nikaragua
67%
Belmopan Belize
50%
Tegucigalpa Honduras
50%
Ottawa Kanada
50%
Nassau Bahamy
33%
Basseterre Saint Kitts i Nevis
33%
Kingstown Saint Vincent I Grenadyny
33%
Port - Au - Prince Haiti
25%
Saint George's Grenada
20%
Saint John's Antigua i Barbuda
0%
Castries Saint Lucia
0%
San Salvador Salwador
0%
Nie znaleziono quizów pasujących do podanych kryteriów
Rozkład punktacji
Procent ludzi z każdym wynikiem
Percentyl według liczby udzielonych odpowiedzi
Twoja historia wyników
Nie rozwiązałeś tego quizu